Service charge study update 2007 (Record no. 108179)
[ view plain ]
| 000 -LEADER | |
|---|---|
| fixed length control field | 01441cad a22002175a 4500 |
| 001 - CONTROL NUMBER | |
| control field | L143504 |
| 008 - FIXED-LENGTH DATA ELEMENTS--GENERAL INFORMATION | |
| fixed length control field | 110527s2008 xxkad f v 000 0 eng d |
| 035 ## - SYSTEM CONTROL NUMBER | |
| System control number | (Sirsi) u143504 |
| 041 ## - LANGUAGE CODE | |
| Language code of text/sound track or separate title | eng |
| 100 1# - MAIN ENTRY--PERSONAL NAME | |
| Personal name | Calvert, John |
| 245 00 - TITLE STATEMENT | |
| Title | Service charge study update 2007 |
| Remainder of title | [electronic resource] |
| 260 ## - PUBLICATION, DISTRIBUTION, ETC. | |
| Date of publication, distribution, etc. | 2008 |
| 520 ## - SUMMARY, ETC. | |
| Summary, etc. | Annual update to the original report into UK office service charges which began in 2003. Reports further increases in service charge costs. Analyses the negative effects of landlords opting to register their buildings for VAT, which raises costs for most financial industry tenants who cannot reclaim VAT. Finds little evidence of changing management practice to comply with the 2006 RICS Code of Practice intended to improve relations between landlord and tenant. Analyses service charge data. Includes information on the estimated of the size and value of the service charge industry, as well as commentary and findings on growth projections. |
| 590 ## - LOCAL NOTE (RLIN) | |
| Local note | KA |
| 650 24 - SUBJECT ADDED ENTRY--TOPICAL TERM | |
| Topical term or geographic name entry element | LOUGHBOROUGH REPORT ON COMMERCIAL PROPERTY SERVICE CHARGES |
| 651 #4 - SUBJECT ADDED ENTRY--GEOGRAPHIC NAME | |
| Geographic name | United Kingdom |
| Chronological subdivision | |
| 690 ## - LOCAL SUBJECT ADDED ENTRY--TOPICAL TERM (OCLC, RLIN) | |
| Topical term or geographic name as entry element | PROPERTY-COMMERCIAL PROPERTY-OFFICE PROPERTY-OFFICES |
| 690 ## - LOCAL SUBJECT ADDED ENTRY--TOPICAL TERM (OCLC, RLIN) | |
| Topical term or geographic name as entry element | PROPERTY-COMMERCIAL PROPERTY-COMMERCIAL LANDLORD AND TENANT-COMMERCIAL SERVICE CHARGES |
| 856 40 - ELECTRONIC LOCATION AND ACCESS | |
| Uniform Resource Identifier | <a href="https://www.property-solutions.co.uk/site_media/uploads/loughborough_report_update_2007.pdf ">https://www.property-solutions.co.uk/site_media/uploads/loughborough_report_update_2007.pdf </a> |
| Public note | View the update at www.property-solutions.co.uk |
| 942 ## - ADDED ENTRY ELEMENTS (KOHA) | |
| Suppress in OPAC | 0 |
| Withdrawn status | Lost status | Source of classification or shelving scheme | Damaged status | Not for loan | Home library | Current library | Shelving location | Date acquired | Total Checkouts | Full call number | Barcode | Date last seen | Copy number | Price effective from | Koha item type |
|---|---|---|---|---|---|---|---|---|---|---|---|---|---|---|---|
| Dewey Decimal Classification | Virtual | Virtual | Online | 15/05/2008 | ONLINE PUBLICATION | 143504-2001 | 06/08/2019 | 1 | 06/08/2019 | Book |